000 00757nam a22001937a 4500
003 OSt
005 20181130090528.0
008 180320b xxu||||| |||| 00| 0 spa d
040 _cPJ
100 _92998
_aBockelmann, Paul
245 1 0 _aRelaciones entre autoría y participación /
_cPaul Bockelmann.
260 _aBuenos Aires :
_bAbeledo-Perrot,
_c1960.
300 _a87 p.
_c20 cm.
505 _aContenido: Planteo del problema -- La relación de la participación con el dolo y la coincidencia de lo injusto del autor principal -- La participación en hechos principales dolosos pero disculpados.
650 0 _9343
_aDERECHO PENAL
650 0 _92753
_aPARTICIPACIÓN CRIMINAL
650 0 _92999
_aAUTORÍA
942 _2udc
_cLIB
_h343.237
_iBOC
999 _c1919
_d1919